MARC

LEADER 00000nam0a2200000 4500
001 68226
005 20231031074646.0
035 |a (RuTPU)RU\TPU\book\72626 
090 |a 68226 
100 |a 20041002d1956 km y0rusy50 ca 
101 1 |a rus  |c eng 
102 |a RU 
105 |a a z 001zy 
200 1 |a Катализ. Исследование гетерогенных процессов  |e пер. с англ.  |f Под ред. А. А. Баландина, А. М. Рубинштейна 
210 |a Москва  |c Изд-во иностранной литературы  |d 1956 
215 |a 394 с.  |c ил. 
320 |a Библиография в конце статей 
610 1 |a химия 
610 1 |a гетерогенные процессы 
610 1 |a катализ 
610 1 |a аммиак 
610 1 |a синтез 
610 1 |a поверхности 
610 1 |a исследование 
610 1 |a вакуумные микровесы 
610 1 |a аппаратура 
610 1 |a применение 
610 1 |a низкие температуры 
610 1 |a квазистационарные концентрации 
610 1 |a промежуточные соединения 
610 1 |a механизм реакций 
610 1 |a кинетика 
610 1 |a жидкости 
610 1 |a раздел 
610 1 |a хемосорбция 
610 1 |a благородные металлы 
610 1 |a катализаторы 
675 |a 544.47:544.344  |v 3 
702 1 |a Баландин  |b А. А.  |g Алексей Александрович  |4 340 
702 1 |a Рубинштейн  |b А. М.  |4 340 
801 1 |a RU  |b 63413507  |c 20041002  |g PSBO 
801 2 |a RU  |b 63413507  |c 20140506  |g PSBO 
942 |c BK